01559 2200445 4500001002100000005001500021035002000036007000300056008004100059020002200100040002200122082001400144084001600158090002000174090002200194100002700216245027000243250003200513300002500545650003000570700002900600700003300629700002600662700004600688700003100734700002900765700003300794700003600827700002900863700002700892850001200919041000800931264003400939336002100973337003000994338002301024999002201047990002201069990002201091INLIS00000000085014120200625123420 a0010-0819000043ta190801s2014 yoi d j ind d a978-602-1384-14-5 aYOPDYOGbinderda04223a808.3 a808.3 INA c aDEP 808.3 INA c aCB-D.11 2014-26540 aInayah SyarePengarang10aCenningrara :bantologi pemenang LMCR WR 2013 /cInayah Syar, Arief Sunarya, Resna J Nurkirana, Faisal Oddang, Isma Farikha Latifatun Nuzulia, Annisa Ramadona, Ronie Permana, Vinny Erika Putri, Ghina Zakia Nurjaman, Wildan Ismail, Tally Syifa; penyunting, Efendi WR aCetakan pertama, Maret 2014 a156 halaman ;c19 cm 4aCerita Pendek--xKumpulan0 aArief SunaryaePengarang0 aResna J NurkiranaePengarang0 aEfendi WRePenyunting0 aIsma Farikha Latifatun NuzuliaePengarang0 aAnnisa RamadonaePengarang0 aRonie PermanaePengarang0 aVinny Erika PutriePengarang0 aGhina Zakia NurjamanePengarang0 aWildan IsmailePengarang0 aTally SyifaePengarang aYOPDYOG0 aind 1aYogyakarta :bSmart WR,c2014 2rdacontentateks 2rdamediaatanpa perantara 2rdacarrieravolume aCB-D.11/2014-2654 aCB-D.11/2014-2654 aCB-D.11/2014-2654